El padre de la patria don Miguel Hidalgo Costilla y Gallaga en la villa de Colima/ (Record no. 59608)

MARC details
000 -LEADER
campo de control de longitud fija 01249aam a2200361 i 4500
001 - NÚMERO DE CONTROL
campo de control MOR01000059846
005 - FECHA Y HORA DE LA ÚLTIMA TRANSACCIÓN
campo de control 20260331130315.0
007 - CAMPO FIJO DE DESCRIPCIÓN FÍSICA--INFORMACIÓN GENERAL
campo de control de longitud fija ta
008 - DATOS DE LONGITUD FIJA--INFORMACIÓN GENERAL
campo de control de longitud fija 981116s1953 dfmho g 000 0dspa d
035 ## - NÚMERO DE CONTROL DEL SISTEMA
Número de control de sistema 982449
040 ## - FUENTE DE CATALOGACIÓN
Centro catalogador/agencia de origen mxcmmo
Lengua de catalogación spa
Normas de descripción rda
Centro/agencia transcriptor mxcmmo
041 0# - CÓDIGO DE IDIOMA
Código de lengua del texto/banda sonora o título independiente spa
043 ## - CÓDIGO DE ÁREA GEOGRÁFICA
Código de área geográfica n-mx-cl
045 ## - PERIODO DE TIEMPO DEL CONTENIDO
Código de periodo de tiempo v9w1
082 04 - NÚMERO DE LA CLASIFICACIÓN DECIMAL DEWEY
Número de clasificación 972.002
Número de ítem MIS.178
100 1# - ENTRADA PRINCIPAL--NOMBRE DE PERSONA
Nombre de persona Huarte Osorio, Jorge E.
Término indicativo de función/relación autor
9 (RLIN) 106830
245 13 - MENCIÓN DEL TÍTULO
Título El padre de la patria don Miguel Hidalgo Costilla y Gallaga en la villa de Colima/
Mención de responsabilidad, etc. por Jorge E. Huarte Osorio
264 #1 - PRODUCCIÓN, PUBLICACIÓN, DISTRIBUCIÓN, FABRICACIÓN Y COPYRIGHT
Producción, publicación, distribución, fabricación y copyright México :
Nombre del de productor, editor, distribuidor, fabricante [publisher not identified],
Fecha de producción, publicación, distribución, fabricación o copyright 1953.
300 ## - DESCRIPCIÓN FÍSICA
Extensión 23 páginas, [4] hojas:
Otras características físicas facsím., fotos;
Dimensiones 17 cm
336 ## - TIPO DE CONTENIDO
Término de tipo de contenido texto
Código de tipo de contenido txt
Fuente rdacontent
337 ## - TIPO DE MEDIO
Nombre/término del tipo de medio sin medio
Código del tipo de medio n
Fuente rdamedia
338 ## - TIPO DE SOPORTE
Nombre/término del tipo de soporte volumen
Código del tipo de soporte nc
Fuente rdacarrier
600 #7 - PUNTO DE ACCESO ADICIONAL DE MATERIA--NOMBRE DE PERSONA
Nombre de persona Hidalgo y Costilla, Miguel
Fechas asociadas al nombre 1753-1811
Subdivisión general Crítica e interpretación
9 (RLIN) 80234
651 #7 - PUNTO DE ACCESO ADICIONAL DE MATERIA--NOMBRE GEOGRÁFICO
Nombre geográfico Colima
Subdivisión general Historia
Subdivisión cronológica 1535-1821
9 (RLIN) 106831
900 ## - ELEMENTOS DE DATOS A LOCAL, LDA (RLIN)
Nombre de persona ALEPH14
Numeración 10
Títulos y otros términos asociados al nombre 20061103
Lenguaje de la obra MOR01
-- 1050
900 ## - ELEMENTOS DE DATOS A LOCAL, LDA (RLIN)
Nombre de persona BATCH-UPD
Numeración 00
Títulos y otros términos asociados al nombre 20120323
Lenguaje de la obra MOR01
-- 1744
900 ## - ELEMENTOS DE DATOS A LOCAL, LDA (RLIN)
Nombre de persona BATCH-UPD
Numeración 10
Títulos y otros términos asociados al nombre 20120321
Lenguaje de la obra MOR01
-- 1706
900 ## - ELEMENTOS DE DATOS A LOCAL, LDA (RLIN)
Nombre de persona BATCH
Numeración 00
Títulos y otros términos asociados al nombre 20120322
Lenguaje de la obra MOR01
-- 1729
900 ## - ELEMENTOS DE DATOS A LOCAL, LDA (RLIN)
Nombre de persona DYNIX
Numeración 00
Títulos y otros términos asociados al nombre 20030304
Lenguaje de la obra MOR01
-- 1721
904 ## - ELEMENTOS DE DATOS D LOCAL, LDD (RLIN)
a UPDATE
942 ## - ELEMENTOS DE ENTRADA SECUNDARIOS (KOHA)
Código de la institución [OBSOLETO] BK
901 ## - ELEMENTOS DE DATOS A LOCAL LDA (RLIN)
a batch batch
Holdings
Estatus retirado Estado de pérdida Fuente del sistema de clasificación o colocación Estado de daño No para préstamo Colección Biblioteca de origen Biblioteca actual Ubicación en estantería Fecha de adquisición Fuente de adquisición Número de inventario Total de préstamos Signatura topográfica completa Código de barras Visto por última vez Precio de reemplazo Tipo de ítem Koha
    Clasificación Decimal Dewey     Libros (General) Biblioteca Instituto Mora Biblioteca Instituto Mora Regular 16/11/1998   85772   (G)/972.002 MIS.178 33291000836060 03/09/2024 03/09/2024 Libro préstamo regular